000 00966nam a22002777a 4500
005 20110803120113.0
008 110803t xxu||||| |||| 00| 0 eng d
010 _aENG-103203
020 _a9780070680807
_c495.00
020 _a0070680809
_c495.00
035 _aEN-86736
037 _bDBAD / PUB
040 _adpl
_bEnglish
082 _a621.38
100 _929868
_aRudrakshi, Somashekhar V.
245 _aMobility management in cellular and IP networks /
_cby Somashekhar V. Rudrakshi
260 _aNew Delhi
_bTata McGraw Hill
_c2011
270 _a7, West Patel Nagar
_bNew Delhi
_e110008
300 _axxi,307p.
_c24cm (pbk)
500 _aIncludes bibliographical references and index
650 _929869
651 _91549
700 _929871
942 _2ddc
_cEN
_mRUD
_h621.38
999 _c54762
_d54762